| 000 | 00505nam a2200169 4500 | ||
|---|---|---|---|
| 005 | 20251014125756.0 | ||
| 008 | 251014b |||||||| |||| 00| 0 eng d | ||
| 020 | _a978-0-691-05776-7 | ||
| 040 |
_aNational Science Library _cNational Science Library |
||
| 080 |
_aR 929:621.3 _bQ3 |
||
| 100 | _aCarlson, W Bernard | ||
| 245 |
_aTesla: _bInventor of the electrical age |
||
| 260 |
_aNew Jersey: _bPrinceton University Press, _c2013 |
||
| 300 | _axiii, 500p. | ||
| 650 | _aBiography | ||
| 942 |
_2udc _cBK |
||
| 999 |
_c67823 _d67823 |
||